000 01614cam a2200301 4500
999 _c5180
_d5180
001 3620244
003 GZU
005 20210330091859.0
008 730724s1972 enk b 001 0 eng
010 _a 73330830
015 _aB72-07614
020 _a0140802444
040 _aDLC
_cDLC
_dDLC
050 0 0 _aP40
_b.GIG 1972
082 0 0 _a301.2/1
100 1 _aGiglioli, Pier Paolo,
_ecomp.
245 1 0 _aLanguage and social context: selected readings.
_cPier Paolo Giglioli
260 _aHarmondsworth,
_bPenguin,
_c1972.
300 _a399 p.
_c18 cm.
350 _a£0.65
490 0 _aPenguin education
490 0 _aPenguin modern sociology readings
504 _aIncludes bibliographies.
505 0 _aHymes, D. Toward ethnographies of communication.--Fishman, J. A. The sociology of language.--Goffman, E. The neglected situation.--Basso, K. H. To give up on words: silence in Western Apache culture.--Frake, C. O. How to ask for a drink in Subanun.--Schegloff, E. A. Notes on a conversational practice: formulating place.--Searle, J. What is a speech act?--Bernstein, B. Social class, language and socialization.--Labov, W. The logic of nonstandard English.--Gumperz, J. The speech community.--Ferguson, C. A. Diglossia.--Brown, R. and Gilman, A. The pronouns of power and solidarity.--Labov, W. The study of language in its social context.--Goody, J. and Watt, I. The consequences of literacy.--Inglehart, R. and Woodward, M. Language conflicts and the political community.
650 0 _aSociolinguistics.
906 _a7
_bcbc
_corignew
_d3
_encip
_f19
_gy-gencatlg
942 _2lcc
_cBK
_h40
_iGIG
_kP